| 000 | 00520cab a2200169 4500 | ||
|---|---|---|---|
| 001 | X131116 | ||
| 008 | 050930n2005 000 0 eng u | ||
| 035 | _a(Sirsi) u131116 | ||
| 041 | _aeng | ||
| 100 | _aLawson, David | ||
| 245 |
_aAuctions _b regional stars challenge London supremacy in 2004 |
||
| 260 | _c2005 | ||
| 490 |
_aProperty Week _v70(4) 28 January 2005, 161-163(2) |
||
| 520 | _aTop UK commercial and residential auctioneers in 2004. Table and commentary. | ||
| 690 |
_aAuctioneering _96218 |
||
| 942 | _n0 | ||
| 999 |
_c75951 _d75951 |
||